000 00570nam a22002417a 4500
003 UA-OsUOA
001 27758
007 ta
008 20040913b un ||||| |||| 00| 0 ukr d
100 _aТернюк І. М.
090 _a929:792
_bТ35
942 _cBK
040 _aUA-OsUOA
_bukr
_cUA-OsUOA
_dUA-OsUOA
245 _aІван Мар'яненко
300 _a292 с.
_bІлюстрації
955 _a0
041 _aukr
080 _a929:792
260 _aКиїв
_bМистецтво
_c1968
044 _aUA
650 7 _2UDC
999 _c314110
_d314110